| 000 | 00866cam a2200265 a 4500 | ||
|---|---|---|---|
| 001 | 536966 | ||
| 003 | BD-DhUL | ||
| 005 | 20160529151127.0 | ||
| 008 | 901009s1991 hiuab b s001 0 eng | ||
| 010 | _a90020706 | ||
| 020 |
_a0866381317 _c$49.50 |
||
| 035 | _a536966 | ||
| 040 |
_aLC _beng _cLC _dLC _dBD-DhUL |
||
| 043 | _aa-ko--- | ||
| 050 | 4 |
_aHC467 _b.E266 1991 |
|
| 082 | 0 | 4 |
_a338.95195 _220 _bECO |
| 245 | 1 | 0 |
_aEconomic development in the Republic of Korea : _ba policy perspective / _cedited by Lee-Jay Cho and Yoon Hyung Kim. |
| 260 |
_aHonolulu, Hawaii : _bDistributed by the University of Hawaii Press, _cc1991. |
||
| 300 |
_axxix, 649 p. : _bill., map ; _c25 cm. |
||
| 504 | _aIncludes bibliographical references and index. | ||
| 650 | 0 |
_aIndustrial policy _zKorea (South) |
|
| 700 | 1 | _aCho, Lee-Jay. | |
| 700 | 1 | _aKim, Yoon-Hyung. | |
| 942 |
_2ddc _cBK |
||
| 999 |
_c71393 _d71393 |
||